Facultad de Odontología.  Biblioteca.  Nodo central                      



header.jpg

Ley de áreas protegidas: Decreto 4-89. / (Registro nro. 166)

Detalles MARC
000 -LEADER
campo de control de longitud fija 00521nam a22001817a 4500
005 - FECHA Y HORA DE LA ÚLTIMA TRANSACCIÓN
campo de control 20220119185149.0
007 - CAMPO FIJO DE DESCRIPCIÓN FÍSICA--INFORMACIÓN GENERAL
campo de control de longitud fija ta
008 - DATOS DE LONGITUD FIJA--INFORMACIÓN GENERAL
campo de control de longitud fija 220119b |||||||| |||| 00| 0 sp d
040 ## - FUENTE DE CATALOGACIÓN
Centro catalogador/agencia de origen CUSACQ
Centro/agencia transcriptor CUSACQ
041 ## - CÓDIGO DE IDIOMA
Código de lengua del texto/banda sonora o título independiente spa
082 ## - NÚMERO DE LA CLASIFICACIÓN DECIMAL DEWEY
Número de clasificación S.G.(F) 342.7281 G918 lp
100 ## - ENTRADA PRINCIPAL--NOMBRE DE PERSONA
Nombre de persona Consejo Nacional de Areas Protegidas.
9 (RLIN) 355
245 ## - MENCIÓN DEL TÍTULO
Título Ley de áreas protegidas: Decreto 4-89. /
Mención de responsabilidad, etc. CONAP
260 ## - PUBLICACIÓN, DISTRIBUCIÓN, ETC.
Lugar de publicación, distribución, etc. Guatemala:
Nombre del editor, distribuidor, etc. CONAP,
Fecha de publicación, distribución, etc. c1995.
300 ## - DESCRIPCIÓN FÍSICA
Extensión 80 p.;
Otras características físicas il.;
Dimensiones 25 cm.
650 ## - PUNTO DE ACCESO ADICIONAL DE MATERIA--TÉRMINO DE MATERIA
Término de materia o nombre geográfico como elemento de entrada Proteccion - Conservación.
9 (RLIN) 356
942 ## - ELEMENTOS DE ENTRADA SECUNDARIOS (KOHA)
Fuente del sistema de clasificación o colocación Clasificación Decimal Dewey
Tipo de ítem Koha Libros
Suprimir en OPAC No
Existencias
Estatus retirado Estado de pérdida Fuente del sistema de clasificación o colocación Estado de daño No para préstamo Código de colección Biblioteca de origen Biblioteca actual Ubicación en estantería Fecha de adquisición Número de inventario Total de préstamos Signatura topográfica completa Código de barras Visto por última vez Precio de reemplazo Tipo de ítem Koha
    Clasificación Decimal Dewey     No ficción Biblioteca del Centro Universitario de Quiché Biblioteca del Centro Universitario de Quiché Exhibido 19/01/2022 IVGL00031   S.G.(F) 342.7281 G918 lp 5000774 19/01/2022 19/01/2022 Libros